[Event "36th Reykjavik op"]
[Site "Reykjavik ISL"]
[Date "2023.04.03"]
[Round "8.143"]
[White "Arnalds, Stefan"]
[Black "Lopez Garcia, Carlos"]
[WhiteElo "1873"]
[BlackElo "1616"]
[Result "1-0"]
[EventDate "2023.03.29"]
[PlyCount "151"]

1. d4 d5 2. c4 dxc4 3. Nc3 Nf6 4. e3 e6 5. Bxc4 a6 6. Nf3 c5 7. O-O b5 8. Be2 Nbd7
9. a3 Bb7 10. dxc5 Bxc5 11. b4 Be7 12. Qb3 O-O 13. Rd1 Qc7 14. Bb2 Rac8 15. Rac1
Qb6 16. Rd2 Rfd8 17. Qd1 h6 18. h3 Nf8 19. Nd4 Ng6 20. Bf3 Ne5 21. Be2 Nc4 22. Bxc4
Rxc4 23. Nce2 Ne4 24. Rd3 Rxc1 25. Bxc1 Rc8 26. Nb3 Bd5 27. Nd2 Qb7 28. f3 Nf6 29.
e4 Qa7+ 30. Kh1 Bb7 31. Bb2 Qb8 32. Nf1 Kf8 33. Qd2 Rc7 34. Be5 Qc8 35. Bxc7 Qxc7
36. Nc1 Ke8 37. Nb3 Nh5 38. Nc5 Bc8 39. Qe2 Nf4 40. Qd1 Nxd3 41. Nxd3 Qc3 42. Qc1
Qxc1 43. Nxc1 Bf6 44. Nd3 Bd4 45. Nd2 Kd7 46. Nb3 Bc3 47. Kg1 Kd6 48. Kf2 g5 49.
Ke2 h5 50. Ke3 f5 51. Ke2 f4 52. Kd1 Bg7 53. Kc2 Ke7 54. h4 Kf6 55. e5+ Kg6 56. hxg5
Kxg5 57. Nd4 Bh6 58. Nc5 Kh4 59. Ne2 Bg5 60. Kd3 Bh6 61. Ke4 Bg5 62. Nxf4 Kg3 63.
Nxh5+ Kxg2 64. f4 Bh4 65. Nf6 Bf2 66. Ne8 a5 67. Nd6 Bxc5 68. bxc5 b4 69. axb4 a4
70. Nc4 Bd7 71. Na3 Bc6+ 72. Kd3 Bd5 73. b5 Kg3 74. c6 Kg4 75. Kd4 Kxf4 76. Kc5  1-0

[Event "36th Reykjavik op"]
[Site "Reykjavik ISL"]
[Date "2023.04.03"]
[Round "8.144"]
[White "Smarason, Kristjan Ingi"]
[Black "Van Meter, Lester"]
[WhiteElo "1469"]
[BlackElo "1872"]
[Result "1/2-1/2"]
[EventDate "2023.03.29"]
[PlyCount "120"]

1. d4 c5 2. d5 Nf6 3. Nc3 g6 4. e4 d6 5. Bb5+ Bd7 6. a4 Bg7 7. Nf3 O-O 8. h3 Na6
9. O-O Nb4 10. Bf4 Nh5 11. Bh2 f5 12. e5 dxe5 13. Bxe5 Bxe5 14. Nxe5 Bxb5 15. axb5
Nf6 16. Na4 Qd6 17. c3 Qxe5 18. cxb4 cxb4 19. Re1 Qxd5 20. Rxe7 Qxd1+ 21. Rxd1 b6
22. Rd4 Rfe8 23. Rxe8+ Rxe8 24. Rxb4 Re1+ 25. Kh2 Re4 26. Rxe4 Nxe4 27. f3 Nd6 28.
Nc3 Kf7 29. Kg3 Ke6 30. Kf4 Nc4 31. b3 Nd2 32. b4 Nc4 33. Kg5 Ne3 34. g4 fxg4 35.
fxg4 Nd5 36. Nxd5 Kxd5 37. Kh6 Kc4 38. Kxh7 Kxb5 39. Kxg6 a5 40. bxa5 bxa5 41. g5
a4 42. Kh6 a3 43. g6 a2 44. g7 a1=Q 45. g8=Q Qf1 46. Qg5+ Kb4 47. h4 Ka3 48. h5 Qf8+
49. Qg7 Qf4+ 50. Kh7 Qf5+ 51. Qg6 Qd7+ 52. Kh8 Qd8+ 53. Kg7 Qe7+ 54. Qf7 Qe5+ 55.
Kf8 Qh8+ 56. Ke7 Qe5+ 57. Kd7 Qb5+ 58. Kd8 Qb8+ 59. Ke7 Qe5+ 60. Kf8 Qh8+  1/2-1/2

[Event "36th Reykjavik op"]
[Site "Reykjavik ISL"]
[Date "2023.04.03"]
[Round "8.145"]
[White "Haraldsson, Sigurjon"]
[Black "Bajoghli, Navid"]
[WhiteElo "1864"]
[BlackElo "1598"]
[Result "1/2-1/2"]
[EventDate "2023.03.29"]
[PlyCount "110"]

1. d4 Nf6 2. c4 c5 3. d5 b5 4. Qc2 bxc4 5. e4 d6 6. Bxc4 g6 7. Nf3 Bg7 8. O-O O-O
9. Nc3 Nfd7 10. Be3 Ba6 11. Nd2 Nb6 12. Bxa6 Nxa6 13. a3 Qd7 14. Qd3 Nc7 15. a4 a5
16. Qc2 Rfb8 17. h3 Qc8 18. b3 Qb7 19. Rab1 Na6 20. Nb5 Nc7 21. Na3 Na6 22. Ndc4
Nxc4 23. Qxc4 Qb4 24. Nb5 Qxc4 25. bxc4 Nb4 26. f4 Rb7 27. Rb3 Rab8 28. Rc1 Ra8 29.
Kh2 Rab8 30. Bf2 Na6 31. Bg3 Nc7 32. Rcb1 Kf8 33. e5 Nxb5 34. Rxb5 Rxb5 35. cxb5
Ke8 36. exd6 exd6 37. Be1 c4 38. Bxa5 Kd7 39. b6 Bd4 40. Rc1 Bxb6 41. Bxb6 Rxb6 42.
Rxc4 Rb3 43. Rd4 f5 44. g4 Ra3 45. gxf5 gxf5 46. Rd2 Rxa4 47. Rg2 Rxf4 48. Rg7+ Ke8
49. Kg3 Rd4 50. Rxh7 Rxd5 51. Kf4 Re5 52. h4 Re7 53. Rh6 Rf7 54. Rxd6 Kf8 55. h5
Kg7  1/2-1/2

[Event "36th Reykjavik op"]
[Site "Reykjavik ISL"]
[Date "2023.04.03"]
[Round "8.146"]
[White "Wheatley, Wilfred"]
[Black "Heidarsson, Mikael Bjarki"]
[WhiteElo "1854"]
[BlackElo "1591"]
[Result "1/2-1/2"]
[EventDate "2023.03.29"]
[PlyCount "130"]

1. e4 c6 2. Nf3 d5 3. d3 dxe4 4. dxe4 Qxd1+ 5. Kxd1 Bg4 6. Be2 Nd7 7. Ne1 Bxe2+ 8.
Kxe2 e5 9. Be3 Ngf6 10. f3 Bc5 11. a4 O-O-O 12. Nd3 Bxe3 13. Kxe3 Ne8 14. Nd2 f6
15. Nc4 Nb6 16. Nd2 g6 17. a5 Nd7 18. Nc4 Kc7 19. b4 Nd6 20. Nxd6 Kxd6 21. c4 Nf8
22. Nc5 Kc7 23. Rhd1 Rxd1 24. Rxd1 h5 25. f4 exf4+ 26. Kxf4 Rh7 27. e5 fxe5+ 28.
Kxe5 Rf7 29. Rd2 Rf5+ 30. Ke4 b6 31. axb6+ axb6 32. Nd3 Nd7 33. h3 Nf6+ 34. Ke3 b5
35. cxb5 Rxb5 36. Kd4 Rd5+ 37. Kc4 Ne4 38. Re2 Nd6+ 39. Kc3 Nb5+ 40. Kd2 h4 41. Re5
Kd6 42. Rxd5+ cxd5 43. Ke3 g5 44. Ne1 Nc3 45. Kd3 Ne4 46. Kd4 Ng3 47. Ke3 Nh5 48.
Kf3 Nf6 49. Nd3 Kc6 50. Ke3 Kd6 51. Kd4 g4 52. Nf4 gxh3 53. gxh3 Kc6 54. Kd3 Kb5
55. Kd4 Kxb4 56. Nxd5+ Nxd5 57. Kxd5 Kb5 58. Ke5 Kc5 59. Kf5 Kd5 60. Kg5 Ke5 61.
Kxh4 Kf4 62. Kh5 Kf5 63. h4 Kf6 64. Kh6 Kf7 65. Kh7 Kf8  1/2-1/2

[Event "36th Reykjavik op"]
[Site "Reykjavik ISL"]
[Date "2023.04.03"]
[Round "8.147"]
[White "Haberecht, Paul"]
[Black "Notkin, Akiva"]
[WhiteElo "1412"]
[BlackElo "1846"]
[Result "0-1"]
[EventDate "2023.03.29"]
[PlyCount "68"]

1. d4 Nf6 2. Nf3 g6 3. g3 d5 4. Bg2 Bg7 5. O-O O-O 6. c4 dxc4 7. Na3 Be6 8. Ne5 Bd5
9. f3 Nfd7 10. Naxc4 b5 11. Nxd7 Nxd7 12. Na3 Rb8 13. e4 Ba8 14. Be3 c5 15. b3 Qa5
16. Nc2 c4 17. b4 Qd8 18. a4 a6 19. axb5 axb5 20. Ra5 e6 21. Na3 Qe7 22. Rxb5 Rxb5
23. Nxb5 Qxb4 24. Qb1 Qa4 25. Nc3 Qb3 26. Qxb3 cxb3 27. Rb1 Rb8 28. Rb2 Nc5 29. Bf1
Bc6 30. Bc4 Rb4 31. Be2 Bxd4 32. Bxd4 Rxd4 33. Bd1 Rd3 34. Bxb3 Rxc3  0-1

[Event "36th Reykjavik op"]
[Site "Reykjavik ISL"]
[Date "2023.04.03"]
[Round "8.148"]
[White "Hagen, Andreas Skytte"]
[Black "Thorsteinsson, Thorsteinn"]
[WhiteElo "1244"]
[BlackElo "1844"]
[Result "0-1"]
[EventDate "2023.03.29"]
[PlyCount "62"]

1. e4 c6 2. d4 d5 3. e5 Bf5 4. g4 Be4 5. f3 Bg6 6. e6 Qd6 7. exf7+ Bxf7 8. f4 Nf6
9. Bh3 Qe6+ 10. Ne2 Nxg4 11. Nbc3 Nd7 12. Qd3 Bg6 13. Qf3 Bf5 14. Bxg4 Bxg4 15. Qe3
Qxe3 16. Bxe3 e6 17. O-O-O h5 18. h3 Bf5 19. Ng1 Nf6 20. Nf3 Bd6 21. Ne5 h4 22. Rdg1
Rh7 23. Rg5 Nh5 24. Ne2 Be7 25. Rxf5 exf5 26. Bf2 O-O-O 27. Ng6 Bf6 28. c3 Re8 29.
Kd1 Rh6 30. Nxh4 Bxh4 31. Bxh4 Nxf4  0-1

[Event "36th Reykjavik op"]
[Site "Reykjavik ISL"]
[Date "2023.04.03"]
[Round "8.150"]
[White "Krumm, Arthur"]
[Black "Briem, Gudrun Fanney"]
[WhiteElo "1843"]
[BlackElo "1503"]
[Result "0-1"]
[EventDate "2023.03.29"]
[PlyCount "60"]

1. e4 c6 2. Bc4 d5 3. Bb3 Nf6 4. e5 Nfd7 5. f4 Nc5 6. Nf3 h6 7. c3 Nd3+ 8. Kf1 Bg4
9. Bc2 Nxf4 10. d4 g5 11. Bxf4 gxf4 12. h3 Bh5 13. e6 Bg7 14. exf7+ Bxf7 15. Nbd2
Bf6 16. Qe2 Nd7 17. Ne5 Bxe5 18. dxe5 e6 19. c4 Qe7 20. cxd5 exd5 21. Bf5 Be6 22.
Bg6+ Kd8 23. Nf3 Kc7 24. Rc1 Rag8 25. Bd3 Rg3 26. b3 Rhg8 27. Rh2 Qb4 28. a3 Qxa3
29. Nd4 Qxc1+ 30. Kf2 Qc5  0-1

[Event "36th Reykjavik op"]
[Site "Reykjavik ISL"]
[Date "2023.04.03"]
[Round "8.154"]
[White "Daemering, Katrin"]
[Black "Banerjee, Sanjoy K"]
[WhiteElo "1991"]
[BlackElo "1566"]
[Result "1-0"]
[EventDate "2023.03.29"]
[PlyCount "33"]

1. e4 c5 2. Nf3 d6 3. d4 cxd4 4. Nxd4 Nf6 5. Nc3 a6 6. Bg5 e6 7. f4 Be7 8. Qf3 Qc7
9. O-O-O Nbd7 10. Kb1 b5 11. Bxf6 Bxf6 12. Bxb5 axb5 13. Ndxb5 Qa5 14. Nxd6+ Kf8
15. e5 Be7 16. Nxc8 Rxc8 17. Rxd7  1-0

[Event "36th Reykjavik op"]
[Site "Reykjavik ISL"]
[Date "2023.04.03"]
[Round "8.155"]
[White "Kreutner, Maximilian"]
[Black "Shadrina, Eva"]
[WhiteElo "1860"]
[BlackElo "1563"]
[Result "1-0"]
[EventDate "2023.03.29"]
[PlyCount "70"]

1. e4 c5 2. Nf3 Nc6 3. d4 cxd4 4. Nxd4 Nf6 5. Nc3 e5 6. Ndb5 d6 7. Nd5 Nxd5 8. exd5
Nb8 9. c4 Be7 10. Be2 O-O 11. O-O a6 12. Nc3 Nd7 13. Kh1 f5 14. f4 Bf6 15. Be3 b6
16. Rc1 Bb7 17. b4 Rc8 18. Qb3 Rf7 19. Na4 exf4 20. Bxf4 Be5 21. Be3 Qh4 22. Bg1
Rf6 23. Rcd1 g5 24. Qh3 Qxh3 25. gxh3 b5 26. cxb5 axb5 27. Bxb5 Nf8 28. Nb6 Rc2 29.
Bc4 g4 30. Rf2 Rxf2 31. Bxf2 gxh3 32. Rd3 f4 33. Rxh3 Ng6 34. Rd3 f3 35. a4 Rf4 (35...
Rf5 36. a5 Rh5 37. Rxf3 Rxh2+ 38. Kg1)  1-0

[Event "36th Reykjavik op"]
[Site "Reykjavik ISL"]
[Date "2023.04.03"]
[Round "8.156"]
[White "Yedid, Lior"]
[Black "Kleinert, Juergen"]
[WhiteElo "1586"]
[BlackElo "1855"]
[Result "1-0"]
[EventDate "2023.03.29"]
[PlyCount "65"]

1. e4 e5 2. Nf3 Nf6 3. Nc3 Nc6 4. g3 Bc5 5. Bg2 d6 6. d3 a5 7. a4 O-O 8. O-O h6 9.
Be3 Bxe3 10. fxe3 Bg4 11. Qd2 Re8 12. Rfe1 Qd7 13. d4 Re7 14. Nh4 Rae8 15. Rf1 Kh7
16. Rae1 Nb4 17. d5 Rf8 18. Nf5 Bxf5 19. Rxf5 Ng8 20. Bh3 Ree8 21. Kg2 Qe7 22. Qf2
g6 23. Rf3 Kg7 24. Kg1 Qg5 25. Rf1 Re7 26. Be6 h5 27. h4 Qh6 28. Bxf7 Kh8 29. Be6
Rxf3 30. Qxf3 Nxc2 31. Nd1 c5 32. Qf8 Qg7 33. Bxg8  1-0

[Event "36th Reykjavik op"]
[Site "Reykjavik ISL"]
[Date "2023.04.03"]
[Round "8.157"]
[White "Halldorsson, Kristjan"]
[Black "von Kistowski, Fynn"]
[WhiteElo "1809"]
[BlackElo "1548"]
[Result "1-0"]
[EventDate "2023.03.29"]
[PlyCount "75"]

1. d4 Nf6 2. c4 g6 3. Nc3 d5 4. Nf3 Bg7 5. Qb3 dxc4 6. Qxc4 O-O 7. e4 Nc6 8. Be2
e5 9. d5 Nd4 10. O-O b5 11. Nxb5 Nxb5 12. Qxb5 Nxe4 13. Be3 Nd6 14. Qb3 Bf5 15. Rac1
Rb8 16. Qc3 Nb5 17. Qc5 e4 18. Nd4 Nd6 19. Nc6 Qd7 20. Nxb8 Rxb8 21. b3 Nb5 22. Rfd1
a6 23. Bxb5 axb5 24. Qxc7 Qe8 25. Bf4 Rd8 26. Qa5 Ra8 27. Qd2 Bg4 28. Re1 Bd7 29.
h3 f5 30. Rc7 b4 31. Qc2 Bc3 32. Bd2 Qd8 33. d6 Bb5 34. Bxc3 Bd3 35. Qb2 Qxd6 36.
Be5 Rxa2 37. Qxa2 Qxe5 38. Qa8+  1-0

[Event "36th Reykjavik op"]
[Site "Reykjavik ISL"]
[Date "2023.04.03"]
[Round "8.158"]
[White "Hallmundarson, Birkir"]
[Black "Hipler, Andreas"]
[WhiteElo "1499"]
[BlackElo "1780"]
[Result "1-0"]
[EventDate "2023.03.29"]
[PlyCount "71"]

1. Nf3 d5 2. c4 c6 3. g3 Nf6 4. b3 Bf5 5. Bg2 h6 6. O-O e6 7. Bb2 Nbd7 8. Re1 Be7
9. Nc3 O-O 10. d3 e5 $6 (10... Bh7) 11. e4 $6 (11. cxd5 cxd5) 11... dxe4 12. dxe4
Bg6 13. Qc2 Qc7 14. Rad1 Rad8 15. a3 a5 16. h4 $6 (16. Na4) 16... Bh5 17. Rd2 Nc5
18. Red1 Rxd2 19. Rxd2 Ne6 $2 (19... Re8 20. Ne1 Qb6 21. Na4 Qxb3 22. Nxc5 Qxc2 23.
Rxc2 Bxc5 24. Nd3 Be7 25. c5 Rd8 26. Nxe5) 20. Na4 Bxf3 21. Bxf3 Rd8 22. Rxd8+ Bxd8
23. Qc3 Nd4 24. Kg2 Nxf3 25. Kxf3 Nd7 26. c5 Bf6 27. Bc1 b5 $4 ( 27... Nf8 28. Nb6
Ne6 29. Be3 Qd8 30. Ke2 Nd4+ 31. Bxd4 exd4 32. Qd3 Qe7 33. b4 Qe6 34. Nc4) 28. cxb6
Nxb6 29. Qxa5 Bd8 30. Qxb6 Qd6 31. Qe3 Qd1+ 32. Kg2 Bxh4 33. gxh4 Qg4+ 34. Qg3 Qxe4+
35. Kh2 f5 36. Bxh6  1-0

[Event "36th Reykjavik op"]
[Site "Reykjavik ISL"]
[Date "2023.04.03"]
[Round "8.159"]
[White "Hafthorsson, Jon Ulfur"]
[Black "Boschmann, Alexander"]
[WhiteElo "1434"]
[BlackElo "1779"]
[Result "1-0"]
[EventDate "2023.03.29"]
[PlyCount "51"]

1. d4 f5 2. Nc3 Nf6 3. Bf4 d6 4. Qd3 g6 5. e4 fxe4 6. Nxe4 Bg7 7. Nf3 O-O 8. O-O-O
Bf5 9. Nxf6+ Bxf6 10. Qb3+ Kg7 11. Bd3 Qc8 12. h4 h6 13. Be3 b6 14. d5 c6 15. Bxf5
Qxf5 16. Nd4 Bxd4 17. Rxd4 cxd5 18. Rf4 Qc8 19. Rxf8 Qxf8 20. Qxd5 Nd7 21. Rh3 Ne5
22. Bd4 Qf4+ 23. Kb1 Rc8 24. Rf3 Qxh4 25. Rf7+ Kh8 26. Bxe5+  1-0

[Event "36th Reykjavik op"]
[Site "Reykjavik ISL"]
[Date "2023.04.03"]
[Round "8.162"]
[White "Ingason, Sigurdur"]
[Black "Han, Oron"]
[WhiteElo "1756"]
[BlackElo "1496"]
[Result "1/2-1/2"]
[EventDate "2023.03.29"]
[PlyCount "60"]

1. d4 e6 2. c4 f5 3. g3 Nf6 4. Bg2 Be7 5. Nf3 O-O 6. O-O d6 7. Nc3 Ne4 8. Nxe4 fxe4
9. Nd2 d5 10. f3 Nc6 11. e3 Bg5 12. Qe2 exf3 13. Nxf3 Bf6 14. Bd2 a5 15. Bc3 dxc4
16. Qxc4 Qd5 17. Qe2 Qh5 18. Rfe1 Bd7 19. Rad1 b5 20. Ne5 Qxe2 21. Rxe2 Bxe5 22.
dxe5 Be8 23. Red2 b4 24. Bd4 Rb8 25. Rc1 Nxd4 26. Rxd4 Rb5 27. Rxc7 Rxe5 28. Re4
Rd5 29. Rd4 Re5 30. Re4 Rd5  1/2-1/2

[Event "36th Reykjavik op"]
[Site "Reykjavik ISL"]
[Date "2023.04.03"]
[Round "8.163"]
[White "Kristinsson, Magnus"]
[Black "DebMisra, Ariv"]
[WhiteElo "1756"]
[BlackElo "1457"]
[Result "0-1"]
[EventDate "2023.03.29"]
[PlyCount "75"]

1. e4 c5 2. Nf3 g6 3. Bc4 Bg7 4. O-O d6 5. Ng5 e6 6. f4 h6 7. Nf3 Ne7 8. c3 O-O 9.
Kh1 Nbc6 10. d4 cxd4 11. Nxd4 Nxd4 12. cxd4 d5 13. exd5 Nxd5 14. Nc3 Nb6 15. Bb3
Qxd4 16. Qf3 Qf6 17. Ne4 Qe7 18. Be3 Nd7 19. Rfd1 b6 20. Nd6 Ba6 21. Rd2 Rad8 22.
Rad1 Nf6 23. Bd4 Ne8 24. Bxg7 Nxg7 25. Qh3 h5 26. Qc3 Rd7 27. Nf5 Nxf5 28. Rxd7 Qh4
29. Qf3 Be2 30. Qh3 Qxh3 31. gxh3 Bxd1 32. Bxd1 Rc8 33. Bb3 Rc1+ 34. Kg2 Rb1 35.
Rxa7 Rxb2+ 36. Kg1 Nd4 37. Bc4 Nf3+ 38. Kf1  0-1

[Event "36th Reykjavik op"]
[Site "Reykjavik ISL"]
[Date "2023.04.03"]
[Round "8.164"]
[White "Beuger, Ronald"]
[Black "Seshadri, Sridhar"]
[WhiteElo "1754"]
[BlackElo "1445"]
[Result "1-0"]
[EventDate "2023.03.29"]
[PlyCount "103"]

1. Nf3 d5 2. c4 c6 3. e3 Nf6 4. b3 Bf5 5. Bb2 dxc4 6. Bxc4 Be6 7. Ne5 Bxc4 8. Nxc4
Qd3 9. Ne5 Qa6 10. d4 e6 11. Nd3 Qa5+ 12. Bc3 Qc7 13. O-O h5 14. Nd2 h4 15. h3 Nbd7
16. Nf3 Ne4 17. Bb2 f6 18. Nf4 Kf7 19. Qd3 f5 20. Rac1 Qd6 21. Rfd1 Rh6 22. Ne5+
Kg8 23. f3 Nxe5 24. dxe5 Qxd3 25. Rxd3 Ng3 26. Kf2 g5 27. Ne2 Nxe2 28. Kxe2 Rh7 29.
Rcd1 Rc7 30. Kf2 Bc5 31. Ke2 a5 32. Bd4 Bb4 33. Bb6 Rf7 34. Bd8 Be7 35. Bxe7 Rxe7
36. Rd8+ Rxd8 37. Rxd8+ Kf7 38. Ra8 Rc7 39. Rxa5 c5 40. Kd3 Rd7+ 41. Kc4 Rd2 42.
Kxc5 Rxg2 43. Ra7 Rg3 44. Rxb7+ Kg6 45. a4 Rxh3 46. a5 Rh1 47. a6 Ra1 48. a7 Rxa7
49. Rxa7 h3 50. Kd4 g4 51. fxg4 fxg4 52. Ke4  1-0

[Event "36th Reykjavik op"]
[Site "Reykjavik ISL"]
[Date "2023.04.03"]
[Round "8.165"]
[White "Kasims, Stefans"]
[Black "Lokeswara, Rao"]
[WhiteElo "1753"]
[BlackElo "1218"]
[Result "1/2-1/2"]
[EventDate "2023.03.29"]
[PlyCount "52"]

1. e4 c5 2. Nf3 d6 3. d4 cxd4 4. Nxd4 Nf6 5. Nc3 a6 6. f3 e5 7. Nb3 h5 8. Be3 Be6
9. Nd5 Nxd5 10. exd5 Bf5 11. Qd2 Nd7 12. c4 b6 13. a4 a5 14. f4 Nf6 15. fxe5 dxe5
16. Qf2 Qd7 17. c5 Ng4 18. Bb5 Nxf2 19. Kxf2 bxc5 20. Nxc5 Bxc5 21. Bxc5 Rb8 22.
Bxd7+ Kxd7 23. Ba3 Rhc8 24. Rac1 Rxc1 25. Rxc1 Rc8 26. Rxc8 Kxc8  1/2-1/2

[Event "36th Reykjavik op"]
[Site "Reykjavik ISL"]
[Date "2023.04.03"]
[Round "8.167"]
[White "Jonsdottir, Katrin Maria"]
[Black "Tacconi, Antonio"]
[WhiteElo "1071"]
[BlackElo "1736"]
[Result "1/2-1/2"]
[EventDate "2023.03.29"]
[PlyCount "143"]

1. e4 Nf6 2. e5 Nd5 3. d4 d6 4. c4 Nb6 5. exd6 exd6 6. Be2 Be7 7. Nf3 O-O 8. O-O
Bf6 9. h3 Nc6 10. Be3 Bf5 11. Nc3 Re8 12. a3 d5 13. c5 Nc8 14. Qb3 Be4 15. Qxb7 N8e7
16. Qa6 Bxf3 17. Bxf3 Bxd4 18. Bxd4 Nxd4 19. Qd3 Nb3 20. Rad1 Nxc5 21. Qe3 Nd7 22.
Qg5 c6 23. b4 h6 24. Qh4 Ng6 25. Qxd8 Raxd8 26. b5 Nde5 27. bxc6 Nxf3+ 28. gxf3 Rc8
29. Nxd5 Rxc6 30. Rfe1 Rxe1+ 31. Rxe1 Ra6 32. Re3 Ra5 33. Nb4 Rh5 34. Re8+ Kh7 35.
Ra8 Ra5 36. Nc2 Ne5 37. Kg2 Nc4 38. Nb4 Rxa3 39. Nc6 a5 40. Ra7 Kg6 41. Ra6 Kh5 42.
Ra7 Kg6 43. Ra6 Kf5 44. Ra7 Kg6 45. Ra6 f6 46. Ra7 a4 47. Ne7+ Kh5 48. Nd5 Kg6 49.
Ne7+ Kg5 50. Nd5 g6 51. Ra6 Ra2 52. Nxf6 Ne3+ 53. Kg3 Nf5+ 54. Kg2 Kf4 55. Nd5+ Ke5
56. Nc3 Ra1 57. Rxa4 Rxa4 58. Nxa4 Kf4 59. Nc3 Nh4+ 60. Kf1 Kxf3 61. Nd5 Ng2 62.
Kg1 Ne1 63. Nb4 Ke2 64. h4 Nf3+ 65. Kg2 Nxh4+ 66. Kg3 Nf5+ 67. Kg2 h5 68. Nd5 g5
69. f4 g4 70. Nf6 Ng7 71. Kg3 Ke3 72. Nxg4+  1/2-1/2

[Event "36th Reykjavik op"]
[Site "Reykjavik ISL"]
[Date "2023.04.03"]
[Round "8.168"]
[White "Chilton, James I"]
[Black "Olafsson, Olafur"]
[WhiteElo "1722"]
[BlackElo "1130"]
[Result "0-1"]
[EventDate "2023.03.29"]
[PlyCount "118"]

1. d4 Nf6 2. c4 e6 3. Nc3 Bb4 4. Nf3 O-O 5. Bf4 b6 6. e3 Bb7 7. Bd3 d6 8. O-O Bxc3
9. bxc3 h6 10. Re1 Nh5 11. Bg3 Nxg3 12. hxg3 Nd7 13. e4 Qe7 14. Re3 e5 15. Qe2 Rae8
16. Nh4 g6 17. Nf3 Nf6 18. Nd2 Nh5 19. Qf1 Qf6 20. Nb3 a5 21. a4 Bc8 22. Be2 Qg5
23. Bxh5 Qxh5 24. c5 exd4 25. cxd4 dxc5 26. dxc5 Bb7 27. Qc4 Rd8 28. f3 Qg5 29. f4
Qf6 30. Rc1 Rfe8 31. c6 Bc8 32. e5 Qf5 33. Nd4 Qh5 34. Rce1 Be6 35. Nxe6 Rxe6 36.
Rc1 Rd1+ 37. Re1 Rxe1+ 38. Rxe1 Qg4 39. Kf2 h5 40. Qd5 h4 41. Qd8+ Kg7 42. Qxh4 Qxh4
43. gxh4 Rxc6 44. Re4 Rc2+ 45. Kf3 c6 46. g4 b5 47. h5 b4 48. hxg6 b3 49. Re3 b2
50. Rb3 Kxg6 51. Ke4 Rc4+ 52. Ke3 Rb4 53. Rc3 b1=Q 54. Rxc6+ Kg7 55. Rd6 Qe4+ 56.
Kf2 Qxf4+ 57. Kg2 Qxe5 58. Rd2 Qf4 59. Rf2 Qxf2+  0-1

[Event "36th Reykjavik op"]
[Site "Reykjavik ISL"]
[Date "2023.04.03"]
[Round "8.171"]
[White "Abmayr, Annika"]
[Black "Kaergaard, Sissel"]
[WhiteElo "1054"]
[BlackElo "1665"]
[Result "0-1"]
[EventDate "2023.03.29"]
[PlyCount "83"]

1. e4 e6 2. d4 d5 3. Nc3 Nf6 4. e5 Nfd7 5. Nf3 c5 6. Be3 a6 7. a4 Nc6 8. Ne2 Be7
9. c3 O-O 10. Ng3 cxd4 11. cxd4 f6 12. exf6 Nxf6 13. Be2 Bd7 14. O-O Rc8 15. Re1
Ng4 16. h3 Nxe3 17. fxe3 Bh4 18. Nxh4 Qxh4 19. Nh1 Rf6 20. Qd2 Rg6 21. Bg4 Rf8 22.
Rf1 Rgf6 23. Rxf6 Qxf6 24. b4 Ne7 25. Qe2 Nf5 26. b5 Nxd4 27. exd4 Qxd4+ 28. Kh2
Qxa1 29. Bxe6+ Bxe6 30. Qxe6+ Kh8 31. bxa6 bxa6 32. Qxa6 Qe5+ 33. Kg1 h6 34. a5 d4
35. Qd3 Ra8 36. a6 Qd6 37. Ng3 Rxa6 38. Ne2 Ra4 39. Kf2 Qf6+ 40. Kg3 Qd6+ 41. Kf3
Ra3 42. Nc3  0-1

[Event "36th Reykjavik op"]
[Site "Reykjavik ISL"]
[Date "2023.04.03"]
[Round "8.176"]
[White "Magnusson, Thorsteinn"]
[Black "de Winter, Eric"]
[WhiteElo "1485"]
[BlackElo "1687"]
[Result "1/2-1/2"]
[EventDate "2023.03.29"]
[PlyCount "38"]

1. d4 Nf6 2. Bf4 d5 3. e3 c6 4. c3 Bf5 5. Nd2 e6 6. Ngf3 Nbd7 7. Be2 h6 8. h3 Be7
9. c4 O-O 10. O-O Re8 11. cxd5 exd5 12. Qb3 Qb6 13. Ne5 Nxe5 14. Bxe5 Rac8 15. Rac1
Nd7 16. Bf4 Bf6 17. Bf3 g5 18. Bg3 Bg7 19. Bd6 Bf8  1/2-1/2

[Event "36th Reykjavik op"]
[Site "Reykjavik ISL"]
[Date "2023.04.03"]
[Round "8.177"]
[White "Heller, Stefan"]
[Black "Hald, Morten Hansen"]
[WhiteElo "1451"]
[BlackElo "1687"]
[Result "1/2-1/2"]
[EventDate "2023.03.29"]
[PlyCount "61"]

1. e4 Nc6 2. Nf3 e5 3. Bc4 Nf6 4. Ng5 d5 5. exd5 b5 6. Bf1 Qxd5 7. Nc3 Qc5 8. Bxb5
Bd7 9. d3 h6 10. Nge4 Nxe4 11. dxe4 Bd6 12. O-O Nd4 13. Bxd7+ Kxd7 14. Be3 g5 15.
Bxd4 exd4 16. Nd5 Be5 17. b4 Qd6 18. g3 c6 19. f4 gxf4 20. Nxf4 Rhg8 21. Nh5 f6 22.
Kh1 Rg5 23. Qf3 Ke7 24. a3 Rf8 25. Rad1 Qe6 26. Nf4 Qf7 27. Nh3 Rg6 28. Nf4 Rg5 29.
Nh3 Rg6 30. Nf4 Rg5 31. Nh3  1/2-1/2

[Event "36th Reykjavik op"]
[Site "Reykjavik ISL"]
[Date "2023.04.03"]
[Round "8.178"]
[White "Winter, Kevin"]
[Black "Shirov-Michna, Masza"]
[WhiteElo "1680"]
[BlackElo "1349"]
[Result "0-1"]
[EventDate "2023.03.29"]
[PlyCount "92"]

1. d4 d5 2. Nf3 c6 3. Nc3 Nf6 4. Bf4 Bf5 5. e3 e6 6. a3 Be7 7. Be2 O-O 8. h3 Nbd7
9. O-O Rc8 10. Rb1 c5 11. Nh4 Bg6 12. Nxg6 hxg6 13. Qd2 cxd4 14. exd4 Qb6 15. Rfc1
a6 16. Be3 Qc6 17. Nd1 Ne4 18. Qe1 Bd6 19. c4 dxc4 20. Bxc4 Qa4 21. Bd3 Ndf6 22.
Nc3 Nxc3 23. Rxc3 Nd5 24. Rxc8 Rxc8 25. Qd1 Qxd1+ 26. Rxd1 Bf4 27. Bxf4 Nxf4 28.
Be4 Rc7 29. Rd2 Rd7 30. Kh2 e5 31. g3 Ne6 32. d5 Ng5 33. Bg2 f5 34. h4 Nh7 35. d6
e4 36. Bf1 Nf6 37. Bc4+ Kf8 38. Be6 Rd8 39. Kh3 Ne8 40. d7 Nc7 41. Bb3 Ke7 42. Kg2
Ne6 43. Rd5 Rxd7 44. Re5 Rd6 45. g4 Kf6 46. Rd5 Nf4+  0-1

[Event "36th Reykjavik op"]
[Site "Reykjavik ISL"]
[Date "2023.04.03"]
[Round "8.179"]
[White "Bryant, Harry"]
[Black "Endeberg, Ivar"]
[WhiteElo "1652"]
[BlackElo "1302"]
[Result "0-1"]
[EventDate "2023.03.29"]
[PlyCount "58"]

1. e4 d5 2. exd5 Nf6 3. d4 Bg4 4. Bb5+ Nbd7 5. f3 Bf5 6. Nc3 a6 7. Ba4 b5 8. Bb3
Nb6 9. Nge2 Nbxd5 10. Nxd5 Nxd5 11. O-O g6 12. Ng3 Qd7 13. c4 bxc4 14. Bxc4 Be6 15.
Ne4 Bg7 16. Nc5 Qd6 17. Qa4+ c6 18. Bxa6 Bc8 19. Qc4 O-O 20. Bxc8 Rfxc8 21. Rd1 Rcb8
22. a3 Rb5 23. b4 Rxb4 24. axb4 Rxa1 25. Nb3 Ne3 26. Qc3 Nxd1 27. Qxa1 Qxb4 28. Qa8+
Bf8 29. Qa2 Qe1#  0-1

[Event "36th Reykjavik op"]
[Site "Reykjavik ISL"]
[Date "2023.04.03"]
[Round "8.181"]
[White "Samuel, Victor"]
[Black "Danielsson, Grimur"]
[WhiteElo "1269"]
[BlackElo "1570"]
[Result "0-1"]
[EventDate "2023.03.29"]
[PlyCount "118"]

1. g3 d5 2. Bg2 e5 3. d3 Bg4 4. c4 Ne7 5. Qb3 Nbc6 6. cxd5 Nd4 7. Qd1 Nxd5 8. Nf3
Nxf3+ 9. exf3 Be6 10. a3 c6 11. O-O Bc5 12. Nc3 Bd4 13. Nxd5 Bxd5 14. Be3 Be6 15.
f4 Qb6 16. Qe2 exf4 17. Bxf4 O-O 18. Be3 Rad8 19. b4 Rfe8 20. Rfe1 g6 21. Qc2 Rd7
22. Rad1 Bf5 23. Bh6 Rde7 24. Rxe7 Rxe7 25. Qd2 Qb5 26. Qf4 Qe5 27. Qxe5 Rxe5 28.
Kf1 Bb2 29. d4 Bc2 30. Rd2 Bc3 31. Re2 Rxe2 32. Kxe2 Bxd4 33. Be3 Bb2 34. Bxa7 Ba4
35. Bc5 Bxa3 36. Kd3 f5 37. Kc3 Kf7 38. Be3 Ke6 39. f4 Kd7 40. Bf3 b5 41. h3 Kd6
42. g4 Kd7 43. g5 c5 44. Bxc5 Bc1 45. h4 Bxf4 46. Bf2 Be5+ 47. Bd4 Bg3 48. h5 gxh5
49. Bxh5 Be1+ 50. Kb2 Bxb4 51. g6 hxg6 52. Bxg6 Ke6 53. Bh5 Kd5 54. Bc3 Bxc3+ 55.
Kxc3 Ke4 56. Be2 Ke3 57. Bh5 f4 58. Bg4 f3 59. Bh3 Bd1  0-1

[Event "36th Reykjavik op"]
[Site "Reykjavik ISL"]
[Date "2023.04.03"]
[Round "8.192"]
[White "Jonsson, Tristan Fannar"]
[Black "Hedman, Viktor Mattias Laroy"]
[WhiteElo "1164"]
[BlackElo "1257"]
[Result "1/2-1/2"]
[EventDate "2023.03.29"]
[PlyCount "70"]

1. e4 e5 2. Nf3 Nc6 3. d4 exd4 4. Bc4 Nf6 5. e5 d5 6. Bb5 Ne4 7. Nxd4 Bd7 8. Bxc6
bxc6 9. O-O Bc5 10. f3 Ng5 11. f4 Ne4 12. Be3 O-O 13. Nd2 Nxd2 14. Qxd2 Bb6 15. c3
c5 16. Nf3 Bb5 17. Rfe1 Qd7 18. Rad1 Rad8 19. Kh1 Qg4 20. b3 d4 21. c4 Bc6 22. Rf1
Be4 23. h3 Qh5 24. a4 c6 25. Bg1 f6 26. Qe2 Bxf3 27. Qxf3 Qxf3 28. Rxf3 a5 29. e6
Rfe8 30. f5 g6 31. g4 gxf5 32. gxf5 Bc7 33. Bh2 Bxh2 34. Kxh2 h5 35. h4 Kh7  1/2-1/2